Código de derecho canónico

Uloženo v:
Podrobná bibliografie
Hlavní autor: Echeverría Martínez de Marigota, Lamberto de (autor)
Médium: Kniha
Jazyk:španělština
latina
Vydáno: Madrid Biblioteca de Autores Cristianos 1984
Vydání:4a. ed
Edice:Biblioteca de Autores Cristianos
Témata:
Tagy: Přidat tag
Žádné tagy, Buďte první, kdo vytvoří štítek k tomuto záznamu!

MARC

LEADER 00000nam a2200000 a 4500
001 UCL3287
003 CL-VaPUC
008 031121e19840000SP |||||||||||||||||spa|d
041 0 7 |a spa  |2 CL-VaPUC 
041 0 7 |a lat  |2 CL-VaPUC 
082 0 4 |a 262.9  |b ECH  |2 21 
100 |a Echeverría Martínez de Marigota, Lamberto de  |e autor  |9 480612 
245 1 0 |a Código de derecho canónico 
250 |a 4a. ed 
300 |a 921 p 
942 |c BK 
945 |d 20031121 00:00:00  |a vberengu 
260 |a Madrid  |b Biblioteca de Autores Cristianos  |c 1984 
650 7 |a DERECHO CANONICO  |2 CL-VaPUC  |9 480613 
583 |a last modification  |c 20031121 00:00:00  |k Rodrigo Vera 
490 0 |a Biblioteca de Autores Cristianos 
999 |c 306399  |d 306397 
952 |0 0  |1 0  |4 0  |6 262_900000000000000_ECH_1984  |7 0  |8 A  |9 371371  |a BIBTEO  |b BIBTEO  |d 2019-11-21  |i 2095610  |o 262.9 ECH 1984  |p 2095610  |r 2025-01-17  |w 2019-11-21  |y BK  |k ICR